الواح الصنا دید / (Record no. 108999)

MARC details
000 -LEADER
fixed length control field 00926nam a22002657a 4500
005 - DATE AND TIME OF LATEST TRANSACTION
control field 20170123162347.0
010 ## - LIBRARY OF CONGRESS CONTROL NUMBER
LC control number A-526286
020 ## - INTERNATIONAL STANDARD BOOK NUMBER
Terms of availability 100.00
035 ## - SYSTEM CONTROL NUMBER
System control number A-526286
037 ## - SOURCE OF ACQUISITION
Source of stock number/acquisition Cen Lib/Ret
040 ## - CATALOGING SOURCE
Original cataloging agency DPL
Language of cataloging UR
082 ## - DEWEY DECIMAL CLASSIFICATION NUMBER
Classification number 921
Item number ق ا س
100 ## - MAIN ENTRY--PERSONAL NAME
Personal name قاسمی، عطا الرحمان
9 (RLIN) 127288
245 ## - TITLE STATEMENT
Title الواح الصنا دید /
Statement of responsibility, etc عطا الرحمان قاسمی
246 ## - VARYING FORM OF TITLE
Title proper/short title Alwah sinadiyat /
Remainder of title by Ata-Ur-Rahman Qasmi
260 ## - PUBLICATION, DISTRIBUTION, ETC. (IMPRINT)
Place of publication, distribution, etc دہلی
Name of publisher, distributor, etc مولانا آزاد اکادمی
Date of publication, distribution, etc 1991
270 ## - ADDRESS
City دہلی
Postal code 110006
Address ١٩٣، بازار مطہ محل ، جامہ مسجد
300 ## - PHYSICAL DESCRIPTION
Extent 254p.
Dimensions 21cm(Hb)
500 ## - GENERAL NOTE
General note کتابیات
650 ## - SUBJECT ADDED ENTRY--TOPICAL TERM
Topical term or geographic name as entry element ادب -- اردو
9 (RLIN) 134637
650 ## - SUBJECT ADDED ENTRY--TOPICAL TERM
Topical term or geographic name as entry element سوانح حیات - اردو شاعر
9 (RLIN) 134638
650 ## - SUBJECT ADDED ENTRY--TOPICAL TERM
Topical term or geographic name as entry element Literature -- Urdu
9 (RLIN) 134639
650 ## - SUBJECT ADDED ENTRY--TOPICAL TERM
Topical term or geographic name as entry element Biography -- Urdu Poet
9 (RLIN) 134640
942 ## - ADDED ENTRY ELEMENTS (KOHA)
Source of classification or shelving scheme Dewey Decimal Classification
Koha item type Urdu Bks
Classification part 921
Call number suffix ق ا س
Holdings
Withdrawn status Lost status Damaged status Not for loan Home library Current library Date acquired Source of acquisition Cost, normal purchase price Total Checkouts Full call number Barcode Date last seen Copy number Cost, replacement price Price effective from Koha item type Source of classification or shelving scheme
        Central Library Central Library 17/02/2016 Cen Lib/Ret 100.00   921 ق ا س A-526286 17/02/2016 1 100.00 17/02/2016 Urdu Bks  
        Central Library Central Library 13/10/2016 Cen Lib/Ret 100.00   921 ق ا س A-526285 13/10/2016 2 100.00 13/10/2016 Urdu Bks Dewey Decimal Classification

© Delhi Public Library
Hit Counter
free hit counter